| 000 | 00588nam a2200217Ia 4500 | ||
|---|---|---|---|
| 003 | OSt | ||
| 005 | 20230616151918.0 | ||
| 008 | 210423s2014 xx 000 0 und d | ||
| 020 | _a978-81-7596-912-4 | ||
| 040 | _cAL | ||
| 041 | _aeng | ||
| 082 |
_a540.92 _223 _bRAOC |
||
| 100 |
_aRAO (C N R) _996841 |
||
| 245 | _aClimbing the limiless ladder: life in chemistry | ||
| 260 |
_aNew Jersey _bWorld Scientific _c2014 |
||
| 300 |
_aviii,223 _bPB |
||
| 365 |
_b625 _cINR |
||
| 650 |
_aChemistry _996842 |
||
| 906 | _achemistry ; Climbing ; ladder: ; life ; limiless | ||
| 942 |
_2ddc _cBK |
||
| 999 |
_c170866 _d170866 |
||